Normal view
MARC view
- Mukhtar, Muska
Entry Personal Name
001 - CONTROL NUMBER
- control field: 4779
003 - CONTROL NUMBER IDENTIFIER
- control field: NUST
005 - DATE AND TIME OF LATEST TRANSACTION
- control field: 20170921160043.0
008 - FIXED-LENGTH DATA ELEMENTS
- fixed length control field: 170921|| aca||aabn | a|a d
040 ## - CATALOGING SOURCE
- Original cataloging agency: NUST
- Transcribing agency: NUST
100 ## - HEADING--PERSONAL NAME
- Personal name: Mukhtar, Muska
670 ## - SOURCE DATA FOUND
- Source citation: Work cat.: (NUST): Mukhtar, Muska, Relevance of Monetary on Sectoral Production and Curbing Inflation in Pakistan, 2012
